00249nam a2200097Ia 4500008004100000100002200041245004500063260001700108260000900125999001700134170617s9999 xx 000 0 und d aChatwal Gurdeep R 0aInstrumental Method of Chimecal Analysis bHimalaya Pub c2016 c15623d15623